[Event "CZE-chT2e 0405"]
[Site "Czech Republic"]
[Date "2004.12.19"]
[Round "5.4"]
[White "Prikryl, Tomas"]
[Black "Rada, Zdenek"]
[Result "1-0"]
[WhiteElo "2100"]
[BlackElo "1913"]
[PlyCount "53"]
[EventDate "2004.10.17"]
[EventType "team-tourn"]
[EventRounds "11"]
[EventCountry "CZE"]
[SourceTitle "EXT 2007"]
[Source "ChessBase"]
[SourceDate "2006.11.23"]
[SourceVersion "1"]
[SourceVersionDate "2006.11.23"]
[SourceQuality "1"]

1. e4 c5 2. g3 Nc6 3. Bg2 g6 4. d3 Bg7 5. Nh3 d5 6. exd5 Bxh3 7. Bxh3 Qxd5 8. 0-0 h5 9. Nc3 Bxc3 10. bxc3 h4 11. Bg2 Qd7 12. Ba3 b6 13. d4 cxd4 14. cxd4 hxg3 15. fxg3 Rc8 16. d5 Na5 17. Qd4 Rh7 18. Rae1 Nc4 19. Bc1 e5 20. Qd3 f5 21. Rf4 e4 22. Bxe4 fxe4 23. Rfxe4+ Re7 24. Rxe7+ Qxe7 25. Qxg6+ Kd7 26. Rxe7+ Nxe7 27. Qe6+ 1-0